000 00850cam a22002531 4500
001 gs 63000274
003 DLC
005 20260227111413.0
008 760623s1963 xx 000 0 eng
010 _ags 63000274
035 _a(OCoLC)2275966
040 _aDLC
_cMeU-P
_dDLC
042 _apremarc
050 0 0 _aQE171
_b.A3 no. 22
100 1 _aJohansson, Warren I.
245 1 0 _aGeology of the Lunenburg-Brunswick-Guildhall area, Vermont.
260 _aMontpelier,
_bVermont Development Dept.,
_c1963.
300 _a86 p.
_billus., maps (2 fold., 1 col. in pocket)
_c23 cm.
490 1 _aVermont. Geological Survey. Bulletin
_vno. 22
504 _aBibliography: p. 84-86.
650 0 _aGeology
_zVermont
_zEssex County.
740 0 _aLunenburg-Brunswick-Guildhall area, Vermont.
810 1 _aVermont.
_bState Geologist.
_tBulletin ;
_vno. 22.
999 _c29739
_d29739